000 00911nam a2200325Ia 4500
003 OSt
005 20220912151251.0
006 a|||||r|||| 00| 0
007 ta
008 220909b |||||||| |||| 00| 0 eng d
020 _a9780195078275 (hbd)
024 _a4813
037 _bAlps,
037 _cTextual
040 _aCSL
_beng
_cCSL
041 _aeng
082 _aH4132, N7
100 _aYeats Robert S
245 0 _aGeology of earthquakes
260 _aNew York
_b Oxford University Press
_c1997
300 _avi, 568p
500 _aAppendix 473-485p; Glossary 486-499p; Bibliography 500-549p; Index 551-568p
650 _a Earthquake
650 _a Geomorphology
650 _aGeology
700 _a Allen Clarence R
700 _a Sieh Kerry
942 _hH4132, N7
_cTEXL
_2CC
999 _c64835
_d64835